| 000 | 00856pam a2200277 a 4500 | ||
|---|---|---|---|
| 001 | 11316 | ||
| 003 | BD-RjUL | ||
| 005 | 20211208235114.0 | ||
| 008 | 140126s1984 ne a b 001 0 eng | ||
| 020 | _a0444422323 (pbk.) | ||
| 035 | _a(BD-RjUL)11365 | ||
| 040 |
_aDLC _cDLC _d(BD-RjUL) _beng |
||
| 041 | _aeng | ||
| 082 | 0 | 0 |
_a551.305 _219 _bALS 1986 |
| 100 | 1 |
_aAllen, John R. L. _933189 |
|
| 245 | 1 | 0 |
_aSedimentary structures, their character and physical basis / _cby John R.L. Allen. |
| 250 | _aUnabridged one-vol. ed. | ||
| 260 |
_aAmsterdam ; _aNew York : _bElsevier , _c1983. |
||
| 300 |
_axxvi. 663p. : _bill. ; _c25cm. |
||
| 504 | _aIncludes bibliographies . | ||
| 650 | 0 |
_aSedimentary structures. _932436 |
|
| 942 |
_2ddc _cBK |
||
| 999 |
_c11316 _d11316 |
||